Представление документа в формате RUSMARC

ПолеНазваниеЗначение
  Тип записи a
  Библиографический уровень m
001 Контрольный номер RU/IS/BASE/381337042
005 Дата корректировки 20180512104020.3
010 Индекс ISBN __
a ISBN 978-5-227-02045-1
d Цена 50-00
101 Язык документа 0_
a Язык текста rus
200 Заглавие и сведения об ответственности 1_
a Заглавие Возлюби болезнь свою
e Сведения, относящиеся к заглавию как стать здоровым, познав радость жизни
f Первые сведения об ответственности Валерий Синельников
205 Сведения об издании __
a Основные сведения об издании 14-е изд.
b Дополнительные сведения об издании дораб. и доп.
210 Выходные данные __
a Место издания Москва
c Издательство Центрполиграф
d Дата издания [2010]
215 Физическое описание __
a Объем 414, [1] с.
225 Серия (Журнальная рубрика) __
a Серия (Журнальная рубрика) Тайны подсознания
330 Аннотация __
a Аннотация Вы узнаете, как научиться использовать силы своего подсознания для того, чтобы простить и избавиться от чувства вины, справиться с депрессией и изгнать ревность, излечиться от множества заболеваний и стать удачливым. Книга обладает целительной силой, и позитивное воздействие начинается с того момента, как только вы возьмете ее в руки.
606 Тематические рубрики __
a Основная рубрика Клиническая медицина в целом
606 Тематические рубрики __
a Основная рубрика Общая терапия
606 Тематические рубрики __
a Основная рубрика Отраслевая психология
610 Ключевые слова __
a Ключевые слова подсознание
610 Ключевые слова __
a Ключевые слова гомеопатия
610 Ключевые слова __
a Ключевые слова гомеопатическое лечение
686 Индексы других классификаций __
a Индекс ББК 53.5
686 Индексы других классификаций __
a Индекс ББК 88.4
700 Автор _1
a Фамилия Синельников
b Имя В. В.
g Полное личное имя Валерий Владимирович
801 Источник записи _0
a Страна RU
b Организация Центральная районная библиотека им. Г. А. Пирожникова
g Правила каталогизации ОКиО/Кашаева
801 Источник записи _1
a Страна RU
b Организация Центральная районная библиотека им. Г. А. Пирожникова
g Правила каталогизации ОКиО/Кашаева
852 Данные о местонахождении __
j Шифр хранения 53.5
i Авторский знак С 38
b Сигла хранения 26
901 Тип документа __
t Тип документа m
905 Дата создания БЗ __
a Дата создания БЗ 01.02.2012
990 Данные о заказе (DOS) __
j Количество экземпляров (DOS) 1
h N записи в КСУ для Б/У (DOS) 2012-2